Formation of the state

Αποθηκεύτηκε σε:
Λεπτομέρειες βιβλιογραφικής εγγραφής
Κύριος συγγραφέας: Krader, Lawrence
Μορφή: Βιβλίο
Γλώσσα:English
Δημοσίευση: Englewood : Prentice-Hall, 1968
Σειρά:Foundations of modern anthropology series
Θέματα:
Ετικέτες: Προσθήκη ετικέτας
Δεν υπάρχουν, Καταχωρήστε ετικέτα πρώτοι!

MARC

LEADER 00000cam a2200000 i 4500
001 1/2387
008 000428s eng d
035 |l 10060397 
040 |a GR-MY-UA  |b gre  |e aacr 
041 0 |a eng 
082 0 |a 320.1 
100 1 |a Krader, Lawrence. 
245 1 0 |a Formation of the state /  |c Lawrence Krader 
260 |a Englewood :   |b Prentice-Hall,   |c 1968 
300 |a x,118 p. 
490 1 |a Foundations of modern anthropology series 
500 |a Index: 116-118 p. 
504 |a Bibliography: 111-115 p. 
650 0 0 |a Political science. 
650 0 0 |a State, The. 
830 0 |a Foundations of modern anthropology series 
852 |a INST  |b LESVOS  |e 20000428  |h 320.1 KRA  |p 005100021079  |q 005100021079  |t BK  |y 0 
901 |a BIBL1-2000-2 
909 |a Λ  |b 034332 
970 |z 2000/04/ΜΙΧΑΗΛΙΔΟΥ ΑΝΝΑ